Poder y autoridad (Record no. 22934)
[ view plain ]
| 000 -CABECERA | |
|---|---|
| campo de control de longitud fija | 00705caa a22001692a 4500 |
| 001 - NÚMERO DE CONTROL | |
| campo de control | 017184 |
| 003 - IDENTIFICADOR DEL NÚMERO DE CONTROL | |
| campo de control | AR-FADEU |
| 008 - DATOS DE LONGITUD FIJA--INFORMACIÓN GENERAL | |
| campo de control de longitud fija | 311216n########xxu####################dd |
| 092 ## - ASIGNACIÓN LOCAL DE SIGNATURA TOPOGRÁFICA DEWEY (OCLC) | |
| Número de clasificación | 301 |
| Número de documento/Ítem | B751 |
| 100 ## - ENTRADA PRINCIPAL--NOMBRE DE PERSONA | |
| Nombre de persona | Lukes, Steven |
| 245 ## - MENCIÓN DE TÍTULO | |
| Título | Poder y autoridad |
| 300 ## - DESCRIPCIÓN FÍSICA | |
| Extensión | PP. 718-767 |
| 500 ## - NOTA GENERAL | |
| Nota general | En: Historia del análisis sociológico / comp. Tom B. Bottomore. Buenos Aires : Amorrortu, 1988 |
| 773 0# - ENLACE AL DOCUMENTO FUENTE/ENTRADA DE REGISTRO ANFITRIÓN | |
| Número bibliográfico anfitrión | 8882 |
| Número de ítem anfitrión | 7563 |
| Encabezamiento principal | Bottomore, Tom, comp. |
| Edición | |
| Lugar, editor y fecha de publicación | Buenos Aires |
| Otro identificador del documento | 4920 |
| Título | Historia del análisis sociológico |
| Número de control del registro | ( AR-FADEU) 003050 |
| Número Internacional Normalizado para Publicaciones Seriadas | |
| Número Internacional Estándar del Libro | 950-518-169-8 |
| 773 0# - ENLACE AL DOCUMENTO FUENTE/ENTRADA DE REGISTRO ANFITRIÓN | |
| Número bibliográfico anfitrión | 29660 |
| Número de ítem anfitrión | 28803 |
| Encabezamiento principal | Bottomore, Tom, comp. |
| Edición | |
| Lugar, editor y fecha de publicación | Buenos Aires |
| Otro identificador del documento | 20919 |
| Título | Historia del análisis sociológico |
| Número de control del registro | ( AR-FADEU) 023970 |
| Número Internacional Normalizado para Publicaciones Seriadas | |
| Número Internacional Estándar del Libro | 950-518-169-8 |
| 942 ## - ELEMENTOS DE PUNTO DE ACCESO ADICIONAL (KOHA) | |
| Tipo de ítem Koha | BDGR |
No items available.